• 首页
  • 本馆介绍
  • 公告通知
  • 最新文献
  • 馆藏检索
  • 电子资源
  • 读者导购
  • 参考咨询
  • 我的图书馆
  • 登录
  • 详细信息显示
  • 放入我的书架
  • 预约/预借图书
  • 作者相关作品
  • 分类相关作品
  • 丛书相关作品
  • 出版社相关作品

书目信息

  • 表格格式
  • 工作单格式
  • 卡片格式
题名:
微生物学实验
    
 
作者: 范秀容 , 沈萍 编
分册:  
出版信息: 北京   人民教育出版社  1980
页数: 138页
开本: 20cm
丛书名:
单 册:
中图分类: Q93-33
科图分类:
主题词: 微生物学--实验--高等学校--教材 , 微生物--研究 , 微生物--实验
电子资源:
ISBN:
000 00678nam0 2200253 45
001 0180000007
005 20060728090123.25
010    @dCNY0.42
091    @a13012.0533
100    @a19960215d1980 em y0chiy0121 ea
101 0  @achi
102    @aCN@b110000
105    @ay z 000yy
200 10 @a微生物学实验@Awei sheng wu xue shi yan@f范秀容,沈萍编
210    @a北京@c人民教育出版社@d1980
215    @a138页@d20cm
606    @a微生物学@x实验@x高等学校@x教材
606 0  @a微生物@x研究
606 0  @a微生物@x实验
690    @aQ93-33@v3
701  0 @a范秀容@Afan xiu rong@4编
701  0 @a沈萍@Ashen ping@4编
801  0 @aCN@bTSSF@c20060728
905    @a10447@dQ93-33@e39
    
    微生物学实验/范秀容,沈萍编.-北京:人民教育出版社,1980
    138页;20cm
    
    
    ISBN :CNY0.42
    
●
相关链接 在E读中查询图书 在五车中查询图书 在当当中查询图书 在豆瓣中查询图书


正题名:微生物学实验     索取号:Q93-33/39         预约/预借

序号 登录号 条形码 馆藏地/架位号 状态 备注
1 0438938   204389385   密集书库/ [索取号:Q93-33/39] 在馆    
2 0438939   204389394   密集书库/ [索取号:Q93-33/39] 在馆    
唐山师范学院图书馆 欢迎您!
大连网信软件有限公司© 版权所有